000 00690nam a2200253 i 4500
001 C2-0085313
003 PPAK
005 20180727090436.0
008 970429s1986 my |||| ||||| | may d
020 _a9679337685
040 _aPPAK
_beng
_cPPAK
_erda
082 0 4 _a899.23
_223
090 0 0 _a899.23
_bSAH
_dG
100 0 _aSahlan Mohd. Saman,
_eauthor
245 1 0 _aMemperkatakan tiga genre
264 1 _aPetaling Jaya, Selangor :
_bFajar Bakti ,
_c1986
300 _a190 pages ;
_c22 cm
336 _2rdacontent
_atext
337 _2rdamedia
_aunmediated
338 _2rdacarrier
_avolume
650 1 0 _aMalay essays - History and criticism.
700 _eauthor
942 _ddc
_cB
999 _c17032
_d17032